Normal view
MARC view
Entry Topical Term
001 - CONTROL NUMBER
- control field: 4290
003 - CONTROL NUMBER IDENTIFIER
- control field: OSt
005 - DATE AND TIME OF LATEST TRANSACTION
- control field: 20150802122003.0
008 - FIXED-LENGTH DATA ELEMENTS
- fixed length control field: 150802|| aca||aabn | a|a d
040 ## - CATALOGING SOURCE
- Original cataloging agency: OSt
- Transcribing agency: OSt
150 ## - HEADING--TOPICAL TERM
- Topical term or geographic name entry element: Social Science
670 ## - SOURCE DATA FOUND
- Source citation: Work cat.: (OSt)1804: Joshi, P.C. 4289, Communication And National Development, 2002









